LEADER 00657nab a2200133 i 4500 001 000000323976 003 CaOOAMICUS 005 20180831173435.0 008 180831n it uu u0 0ita r 013 $a34726 040 $aSeMil$bita 245 13$aLe opere d'arte del Seminario di Milano per non dimenticare il Giubileo dell'incarnazione. "Evangelario del Seminario di Milano". - In [rubrica] :$bDuc in altum! 773 0 $t[FEBBRAIO 2002]. - 32 p.$gp.2-3$w()283209 996 $6245$aLe opere d'arte del Seminario di Milano per non dimenticare il Giubileo dell'incarnazione. "Evangelario del Seminario di Milano". - In [rubrica] :$bDuc in altum!$9(OLS)http://semarc/title/397352 LEADER 01217nam a2200277 i 4500 001 000000229954 003 CaOOAMICUS 005 20140522000000.0 008 140522s2014 it u000 u ita u 013 $a208856 020 $a978-88-399-0869-8 040 $aSeMil$bita 100 1 $aPieri, Francesco,$d<1962- >.$0(OLS)http://semarc/name/58379 245 10$aSangue versato per chi? :$bIl dibattito sul "pro multis" /$cFrancesco Pieri. 260 $aBrescia :$bQueriniana,$c2014. 300 $a241 p. ;$c20 cm. 490 0 $aGiornale di teologia ;$v369 650 4$aConcilio Vaticano II <1962-1965> - Decreti . Ad Gentes.$0(OLS)http://semarc/subject/8879 650 4$aSalvezza - Cristianesimo.$0(OLS)http://semarc/subject/5137 830 0$aGiornale di teologia ;$v369.$0(OLS)http://semarc/title/419620 850 $aSeMil 852 $aSeMil$W1$xVenegono$y1$m2M III 769$j180300$B180300$CSeMilBibl$Z2$F191340 $81 961 $aSottoscrizione: Queriniana 996 $6020$a978-88-399-0869-8$9(OLS)http://semarc/number/232613 996 $6245$aSangue versato per chi? :$bIl dibattito sul "pro multis"$9(OLS)http://semarc/title/409728 996 $6260$aBrescia :$bQueriniana$9(OLS)http://semarc/publisher/29615